| 000 | 00366 a2200109 4500 | ||
|---|---|---|---|
| 001 | ART_48870 | ||
| 005 | 20260410161757.0 | ||
| 008 | 260409a | ||
| 245 | 1 | 0 | _aAcerca de los estímulos a las exportaciones y su efectividad para lograr incrementarlas |
| 100 | 1 | _aBibiloni, Mario J. | |
| 773 | 0 |
_tDoctrina tributaria _g- N°470 (mayo 2019) _wREV4296 |
|
| 999 |
_c20230 _d20230 |
||